000 00463aam a2200181 i 4500
001 2196
003 CO-MdBIC
005 20220404172641.0
008 220222b2011 spaa|||| |||| 00| 0 spa d
020 _a978-84-236-9937-7
040 _bspa.
082 0 4 _a823
_222
_bP665
100 1 _aSophie Piper
245 1 0 _aTodos necesitamos: Un abrazo
260 _aEspaña : Edebé
505 0 0 _aTodos necesitamos: Un amigo -- Un abrazo -- Amor -- Un Beso
942 _cLGB
999 _c49342
_d49342